La epopeya de América
Salvato in:
| Autore principale: | |
|---|---|
| Natura: | Libro |
| Lingua: | spagnolo |
| Pubblicazione: |
Buenos Aires
Claridad
1943
|
| Edizione: | 2a. ed |
| Serie: | Biblioteca de Obras Famosas, 87
|
| Soggetti: | |
| Tags: |
Aggiungi Tag
Nessun Tag, puoi essere il primo ad aggiungerne!!
|
MARC
| LEADER | 00000nam a2200000 a 4500 | ||
|---|---|---|---|
| 001 | UCO1045 | ||
| 003 | CL-VaPUC | ||
| 008 | 000505e19430000AG |||||||||||||||||spa|d | ||
| 082 | 0 | 4 | |a 973 |b ADA |2 21 |
| 100 | 0 | |a Adams, James Truslow |e author |9 442798 | |
| 245 | 1 | 3 | |a La epopeya de América |
| 250 | |a 2a. ed | ||
| 300 | |a 523 p | ||
| 942 | |c BK | ||
| 945 | |d 20000505 00:00:00 |a crobeson | ||
| 260 | |a Buenos Aires |b Claridad |c 1943 | ||
| 650 | 7 | |a HISTORIA ESTADOUNIDENSE |2 CL-VaPUC |9 350346 | |
| 650 | 7 | |a COLONIA |2 CL-VaPUC |9 442799 | |
| 650 | 7 | |a REVOLUCION AMERICANA |2 CL-VaPUC |9 439168 | |
| 650 | 0 | |a Historia constitucional |9 256052 | |
| 651 | 0 | |a Estados Unidos |9 255178 | |
| 583 | |a last modification |c 20000505 00:00:00 |k Rodrigo Vera | ||
| 490 | 0 | |a Biblioteca de Obras Famosas, 87 | |
| 999 | |c 287678 |d 287676 | ||
| 952 | |0 0 |1 0 |4 0 |6 973_000000000000000_ADA_1943 |7 0 |8 X |9 334629 |a BIBHIS |b BIBHIS |d 2019-11-20 |i 1273116 |o 973 ADA 1943 |p 1273116 |r 2024-01-30 |w 2019-11-20 |y BK_X |k HIS | ||